La Dulcería Mexicana Historia, Ciencia Y Tecnología
| Main Author: | |
|---|---|
| Format: | Section = Libro |
| Language: | Undetermined Spanish |
| Published: |
México
Limusa
2007
|
| Subjects: |
| LEADER | 00492nam a2200181Ia 4500 | ||
|---|---|---|---|
| 008 | 240830s9999 xx 000 0 und d | ||
| 020 | |a 978-968-18-6836-9 | ||
| 040 | |a CEDOC FIQ-RUSB / 664.153 C975 | ||
| 041 | |a spa | ||
| 082 | |a 664.153 C975 | ||
| 100 | 1 | |a Curiel Monteagudo, José Luis | |
| 245 | 1 | 0 | |a La Dulcería Mexicana Historia, Ciencia Y Tecnología |
| 260 | |a México |b Limusa |c 2007 | ||
| 300 | |a 255p | ||
| 650 | 7 | |a DULCES - ELABORACION | |
| 942 | |c BK |2 ddc | ||
| 991 | |a TEXTO | ||
| 999 | |c 13265 | ||